| Tag |
First Indicator |
Second Indicator |
Subfields |
| LEADER |
00000cam a2200000 4500 |
| 001 |
in00000077587 |
| 005 |
20151008053803.0 |
| 008 |
741206s1953 maua b 10110 eng d |
| 010 |
|
|
|a a 54002954
|
| 035 |
|
|
|a (OCoLC)01100700
|
| 035 |
|
|
|9 AAH8636AM
|
| 040 |
|
|
|a MCL
|c MCL
|d m.c.
|d TXA
|d UtOrBLW
|
| 049 |
|
|
|a TXAM
|c 1 [236027], 2 [236557], 3 [236558]
|
| 090 |
|
|
|a QL966
|b C6
|
| 110 |
2 |
|
|a Ciba Foundation.
|
| 245 |
1 |
0 |
|a Mammalian germ cells ;
|b a Ciba Foundation symposium /
|c Editor: G. E. W. Wolstenholme, assisted by Margaret P. Cameron and Jessie S. Freeman.
|
| 264 |
|
1 |
|a Boston :
|b Little, Brown,
|c 1953.
|
| 300 |
|
|
|a xiv, 302 pages :
|b illustrations ;
|c 21 cm.
|
| 336 |
|
|
|a text
|b txt
|2 rdacontent
|
| 337 |
|
|
|a unmediated
|b n
|2 rdamedia
|
| 338 |
|
|
|a volume
|b nc
|2 rdacarrier
|
| 504 |
|
|
|a Includes bibliographies.
|
| 650 |
|
0 |
|a Spermatozoa.
|
| 650 |
|
0 |
|a Semen.
|
| 650 |
|
0 |
|a Ovum.
|
| 650 |
|
0 |
|a Mammals.
|
| 700 |
1 |
|
|a Wolstenholme, G. E. W.
|q (Gordon Ethelbert Ward)
|
| 999 |
|
|
|a MARS
|
| 999 |
f |
f |
|s 38284161-0323-36b4-8122-e2476ea1e5ce
|i a7d6ec2d-7fd4-31ff-8683-edede39571c4
|t 0
|
| 952 |
f |
f |
|p ric
|a Texas A&M University
|b Rellis Campus
|c Joint Library Facility
|d Remote Storage
|t 0
|e QL966 C6
|h Library of Congress classification
|i unmediated -- volume
|m A14806222623
|
| 998 |
f |
f |
|a QL966 C6
|t 0
|l Remote Storage
|